000 00322nam a22001337a 4500
008 170314b xxu||||| |||| 00| 0 eng d
020 _a0226020304
041 _aeng
080 _22ND
_a591
100 _a7
101 _aSHM
245 _aINTRODUCTION TO THE STUDY OF ANIMAL POPULATIONS
_cANDREWARTHA, H.G
942 _2udc
_cBK
999 _c7773
_d7773